| 000 | 01202nam a22002657a 4500 | ||
|---|---|---|---|
| 008 | 100721s1998 xxu||||| |||| 00| 0 ara d | ||
| 020 | _a9770155462 | ||
| 082 |
_222 _a509 _bك ر و |
||
| 100 | 1 |
_916608 _aكرواثر ، ج . ج |
|
| 245 |
_aقصة العلم / _cج .ج كرواثر ؛ ترجمة وتقديم ودراسة يمنى طريف الخولى ، بدوى عبد الفتاح |
||
| 260 |
_aالقاهرة : _bالمجلس الأعلى للثقافة ، _c1998. |
||
| 300 |
_a327 ص ؛ _c24 سم . |
||
| 490 |
_916295 _aالمشروع القومي للترجمة _n20 |
||
| 504 | _aيحتوى على إرجاعات ببليوجرافية | ||
| 541 |
_aألف باء ؛ _cشراء ؛ |
||
| 650 |
_916609 _aالعلوم _xتاريخ |
||
| 650 |
_916610 _aالعلم _xفلسفة |
||
| 650 |
_916611 _aالكهرباء في الصناعة |
||
| 700 |
_916612 _aالخولى ، يمنى طريف _eترجمة وتقديم ودراسة |
||
| 700 |
_916614 _aعبد الفتاح ، بدوى _eترجمة وتقديم ودراسة |
||
| 942 |
_2ddc _cBB _hRDA-MOD |
||
| 999 |
_c14521 _d14521 |
||
| 336 |
_2rdacontent _aنص _btxt |
||
| 337 |
_aبدون وسيط _2rdamedia _bn |
||
| 338 |
_aمجلد _bnc _2rdacarrier |
||